Urbanisation and ageing in Bangladesh (Record no. 27612)

000 -LEADER
fixed length control field 00448pab a2200157 454500
008 - FIXED-LENGTH DATA ELEMENTS--GENERAL INFORMATION
fixed length control field 180718b xxu||||| |||| 00| 0 eng d
100 ## - MAIN ENTRY--PERSONAL NAME
Personal name Razzaque M.A.
245 ## - TITLE STATEMENT
Title Urbanisation and ageing in Bangladesh
362 ## - DATES OF PUBLICATION AND/OR SEQUENTIAL DESIGNATION
Dates of publication and/or sequential designation 40(1), 1994, p.44-48
650 ## - SUBJECT ADDED ENTRY--TOPICAL TERM
Topical term or geographic name entry element Urbanisation -- Bangladesh
650 ## - SUBJECT ADDED ENTRY--TOPICAL TERM
Topical term or geographic name entry element Population -- Bangladesh
650 ## - SUBJECT ADDED ENTRY--TOPICAL TERM
Topical term or geographic name entry element Social Security -- Bangladesh
700 ## - ADDED ENTRY--PERSONAL NAME
Personal name Satter M.A.
773 ## - HOST ITEM ENTRY
Main entry heading Journal of Family Welfare
909 ## -
-- 27612
Holdings
Withdrawn status Lost status Damaged status Not for loan Permanent Location Current Location Date acquired Barcode Date last seen Price effective from Koha item type
        Indian Institute of Public Administration Indian Institute of Public Administration 2018-07-19 AR27714 2018-07-19 2018-07-19 Articles

Powered by Koha